000 00503nam a2200181Ia 4500
008 090124s9999 xx 000 0 und d
082 _b36784
100 _aवाड विजया
245 _a ऋणानुबंध
250 _a1
260 _bदिलीप प्रकाशन
_c1999
300 _a192
600 _aवाड विजया
630 _a ऋणानुबंध
700 _aवाड विजया
730 _a ऋणानुबंध
942 _cBOOK
999 _c102707
_d102707